Relación histórica de los principales comuneros segovianos / (Record no. 90641)

MARC details
000 -LEADER
campo de control de longitud fija 00704nam a2200193 i 4500
001 - NÚMERO DE CONTROL
campo de control 90641
003 - IDENTIFICADOR DE NÚMERO DE CONTROL
campo de control ES-MaACL
005 - FECHA Y HORA DE LA ÚLTIMA TRANSACCIÓN
campo de control 20250731001135.0
007 - CAMPO FIJO DE DESCRIPCIÓN FÍSICA--INFORMACIÓN GENERAL
campo de control de longitud fija t|
008 - DATOS DE LONGITUD FIJA--INFORMACIÓN GENERAL
campo de control de longitud fija 050124s1906 sp |||| | spa d
100 1# - ENTRADA PRINCIPAL--NOMBRE DE PERSONA
Nombre de persona Lecea y García, Carlos de (
Fechas asociadas al nombre 1835-1919)
9 (RLIN) 144318
245 10 - MENCIÓN DEL TÍTULO
Título Relación histórica de los principales comuneros segovianos /
Mención de responsabilidad, etc. Carlos Lecea y García.
260 ## - PUBLICACIÓN, DISTRIBUCIÓN, ETC.
Lugar de publicación, distribución, etc. Segovia :
Nombre del editor, distribuidor, etc. [s.n.],
Fecha de publicación, distribución, etc. 1906 (
Fabricante Imp. del Diario de Avisos)
300 ## - DESCRIPCIÓN FÍSICA
Extensión 170 p. ;
Dimensiones 21 cm.
650 #4 - PUNTO DE ACCESO ADICIONAL DE MATERIA--TÉRMINO DE MATERIA
Término de materia o nombre geográfico como elemento de entrada Segovianos-
Subdivisión general Biografías.
9 (RLIN) 157661
651 #7 - PUNTO DE ACCESO ADICIONAL DE MATERIA--NOMBRE GEOGRÁFICO
Nombre geográfico Castilla (Reino)-
Subdivisión general Historia-
Subdivisión cronológica 1520-1521, Rebelión de los comuneros
Fuente del encabezamiento o término
9 (RLIN) 142469
852 ## - LOCALIZACIÓN
Ubicación ES-MaACL
Número de control de estantería F-1861(1)
Nota libre - Enc. con otras obras
Holdings
Estatus retirado Estado de pérdida Estado de daño No para préstamo Biblioteca de origen Biblioteca actual Ubicación en estantería Fecha de adquisición Fuente de adquisición Total de préstamos Signatura topográfica completa Código de barras Visto por última vez Precio de reemplazo Tipo de ítem Koha
        Biblioteca del Ateneo de Madrid Biblioteca del Ateneo de Madrid Depósito 2 17/01/2008     F-1861(1) 1094646 23/02/2023 23/02/2023 Libro impreso